000 00293nam a22001337a 4500
008 170921b xxu||||| |||| 00| 0 eng d
020 _a9780072519495
041 _aeng
080 _24TH
_a78
100 _a45
101 _aMUZ
245 _aAN APPRECIATION MUSIC
_cKAMIEN,R
942 _2udc
_cBK
999 _c28841
_d28841